|
|
|
|
| LEADER |
01456nam a22003613i 4500 |
| 001 |
EBC31498590 |
| 003 |
MiAaPQ |
| 005 |
20240729202206.0 |
| 006 |
m o d | |
| 007 |
cr cnu|||||||| |
| 008 |
240729s2020 xx o ||||0 eng d |
| 020 |
|
|
|a 9781789204636
|q (electronic bk.)
|
| 020 |
|
|
|z 9781800736375
|
| 035 |
|
|
|a (MiAaPQ)EBC31498590
|
| 035 |
|
|
|a (Au-PeEL)EBL31498590
|
| 040 |
|
|
|a MiAaPQ
|b eng
|e rda
|e pn
|c MiAaPQ
|d MiAaPQ
|
| 050 |
|
4 |
|a UA719.3 .S55 2020
|
| 082 |
0 |
|
|a 306.27094310904
|
| 100 |
1 |
|
|a Smith, Tom.
|
| 245 |
1 |
0 |
|a Comrades in Arms :
|b Military Masculinities in East German Culture.
|
| 250 |
|
|
|a 1st ed.
|
| 264 |
|
1 |
|a New York, NY :
|b Berghahn Books, Incorporated,
|c 2020.
|
| 264 |
|
4 |
|c Ã2020.
|
| 300 |
|
|
|a 1 online resource (281 pages)
|
| 336 |
|
|
|a text
|b txt
|2 rdacontent
|
| 337 |
|
|
|a computer
|b c
|2 rdamedia
|
| 338 |
|
|
|a online resource
|b cr
|2 rdacarrier
|
| 588 |
|
|
|a Description based on publisher supplied metadata and other sources.
|
| 590 |
|
|
|a Electronic reproduction. Ann Arbor, Michigan : ProQuest Ebook Central, 2024. Available via World Wide Web. Access may be limited to ProQuest Ebook Central affiliated libraries.
|
| 655 |
|
4 |
|a Electronic books.
|
| 776 |
0 |
8 |
|i Print version:
|a Smith, Tom
|t Comrades in Arms
|d New York, NY : Berghahn Books, Incorporated,c2020
|z 9781800736375
|
| 797 |
2 |
|
|a ProQuest (Firm)
|
| 856 |
4 |
0 |
|u https://ebookcentral.proquest.com/lib/matrademy/detail.action?docID=31498590
|z Click to View
|